Jak pracovat s oddílem podle Pionýrských plamenů a cest

Korporativní autor: Socialistický svaz mládeže. Pionýrská organizace. Česká ústřední rada
Jazyk: Čeština
Vydáno: Praha : Mladá fronta, 1975
Vydání: 4. vyd.
Témata:
Fyzický popis: 56, [4] s. ; 8°
Knihy
Uloženo v:
LEADER 01356nam a22003852a 4500
001 000917894
003 CZ BrMZK
005 20171005115608.0
007 ta
008 081020s1975 xr er|||||||||||cze d
015 |a cnb000525202 
035 |a (OCoLC)85363736 
040 |a ABA001  |b cze  |c LIA001  |d ABA001 
043 |a e-cs--- 
072 7 |a 061.2  |x Nevládní organizace a kooperace  |2 Konspekt  |9 18 
080 |a 061.2-053.2  |2 MRF 
080 |a 374.32  |2 MRF 
080 |a (437)  |2 MRF 
080 |a (041)  |2 MRF 
245 0 0 |a Jak pracovat s oddílem podle Pionýrských plamenů a cest 
250 |a 4. vyd. 
260 |a Praha :  |b Mladá fronta,  |c 1975 
300 |a 56, [4] s. ;  |c 8° 
500 |a Zdarma 
500 |a 45000 výt. 
550 |a Vydavatel: Čes. ústř. rada Pionýrské organ. SSM 
610 2 7 |a Socialistický svaz mládeže.  |b Pionýrská organizace  |7 xx0018825 
650 0 7 |a organizace dětí a mládeže  |7 ph123799  |z Československo  |2 czenas 
650 0 7 |a práce s mládeží  |7 ph124700  |z Československo  |2 czenas 
655 7 |a brožury  |7 fd131925  |2 czenas 
710 2 |a Socialistický svaz mládeže.  |b Pionýrská organizace.  |b Česká ústřední rada  |7 kn20050509032 
910 |a BOA001  |b 1-0746.950 
990 |a BK 
991 |b 200810 
996 6 |b 2619543291  |c 1-0746.950  |l MZK  |r Sklad / do 1 hodiny  |n 0  |w 000917894  |u 000010  |a 1  |e BOA001  |j MZK50  |s P